Statistiques concernant Les plus grandes villes sur l'Allier

Cliquez ici pour prendre le quiz!

Statistiques générales

  • Ce quiz a été pris 104 fois
  • Le résultat moyen est 5 sur 19

Statistiques - réponses

Population (2017)Ville sur l'Allier% Correct
19,800Moulins
90%
5,000Vic-le-Comte
90%
25,300Vichy
86%
14,600Issoire
33%
6,700Brioude
30%
19,500Cournon-d'Auvergne
25%
8,500Bellerive-sur-Allier
22%
10,700Pont-du-Château
21%
5,000Saint-Pourçain-sur-Sioule
21%
3,600Varennes-sur-Allier
21%
3,800Langeac
14%
3,900Avermes
13%
3,700Saint-Germain-des-Fossés
13%
3,100Sainte-Florine
11%
3,300Brassac-les-Mines
10%
3,300Creuzier-le-Vieux
10%
5,100Le Cendre
10%
3,900Les Martres-de-Vayre
10%
3,000Maringues
6%

Distribution des résultats

Percentile par nombre de réponses

% des personnes avec chaque résultat

Votre développement - résultats

Vous n’avez pas pris ce quiz